Misterio, mito, simbolo, revelacion, razon : sintesis historica y actual de la mentalidad humana /

Guardado en:
Autor Principal: Camarero, Antonio
Formato: Libro
Publicado: Buenos Aires : Bonum, 1997
Materias:
Etiquetas: Agregar Etiqueta
Sin Etiquetas, Sea el primero en etiquetar este registro!
LEADER 00620nam a22001935a 4500
001 EHU.bham021985
003 AR-BHAM
005 20100511160019.0
008 130507s1997##################000#0#####d
082 2 0 |a 201 
100 1 |a Camarero, Antonio 
245 1 0 |a Misterio, mito, simbolo, revelacion, razon :  |b sintesis historica y actual de la mentalidad humana /  |c Antonio Camarero 
260 |a Buenos Aires :  |b Bonum,  |c 1997 
300 |a 95 p. 
653 |a Filosofia 
653 |a Religion-filosofia de la 
653 |a Filosofia-teoria 
653 |a Religion-historia 
859 |a AR-BHAM  |b BIB. HUMANIDADES - General  |h 201  |i C14  |p 178.98  |t Ej.1